000 00446nam a2200181Ia 4500
005 20240823033439.0
008 240823s9999||||xx |||||||||||||| ||und||
041 _aENGLISH
082 _A621.4 N1
100 _aMagdoo Ali [etal]
245 0 _aEngineering Mechanics and Prime Movers
250 _a1st
260 _c1991
_b"Pratheeba,Coimbatore"
500 _aTRANSFERED
650 _aMechanics
_bMechanical
942 _cBK
999 _c195841
_d195841